Mechanical behavior of materials. (Record no. 6467)
[ view plain ]
| 000 -LEADER | |
|---|---|
| fixed length control field | 00778nac a22002171u 4500 |
| 010 ## - LIBRARY OF CONGRESS CONTROL NUMBER | |
| LC control number | 64016906 |
| 035 ## - SYSTEM CONTROL NUMBER | |
| System control number | (OCoLC)577589 |
| 082 ## - DEWEY DECIMAL CLASSIFICATION NUMBER | |
| Classification number | 620.112 |
| Item number | MCC |
| 090 ## - LOCALLY ASSIGNED LC-TYPE CALL NUMBER (OCLC); LOCAL CALL NUMBER (OCLC) | |
| -- | 6467 |
| -- | 6467 |
| 100 ## - MAIN ENTRY--PERSONAL NAME | |
| Personal name | McClintock, Frank A., |
| 245 10 - TITLE STATEMENT | |
| Title | Mechanical behavior of materials. |
| Statement of responsibility, etc | Frank A. McClintock and Ali S. Argon, editors. [Contributors]: Ali S. Argon [and others] |
| 260 ## - PUBLICATION, DISTRIBUTION, ETC. (IMPRINT) | |
| Place of publication, distribution, etc | Reading, Mass., |
| Name of publisher, distributor, etc | Addison-Wesley Pub. Co.[1966] |
| Date of publication, distribution, etc | [1966] |
| 300 ## - PHYSICAL DESCRIPTION | |
| Extent | xiv, 770 p. |
| Other physical details | illus. |
| Dimensions | 24 cm. |
| 490 0# - Series Statement | |
| Series statement | Addison-Wesley series in metallurgy and materials, |
| Volume/sequential designation | 4545 |
| 500 ## - GENERAL NOTE | |
| General note | distributer: Al-Aram |
| 504 ## - BIBLIOGRAPHY, ETC. NOTE | |
| Bibliography, etc | Includes bibliographies. |
| 511 ## - PARTICIPANT OR PERFORMER NOTE | |
| Participant or performer note | catalogued by: wessam |
| 650 #0 - SUBJECT ADDED ENTRY--TOPICAL TERM | |
| Topical term or geographic name as entry element | Materials. |
| 700 1# - ADDED ENTRY--PERSONAL NAME | |
| Personal name | Argon, Ali S., |
| 942 ## - ADDED ENTRY ELEMENTS (KOHA) | |
| Item type | Book - Borrowing |
| Call number prefix | 620.112MCC |
| Withdrawn status | Item status | Damaged status | Not for loan | Home library | Current library | Shelving location | Date acquired | Source of acquisition | Total Checkouts | Full call number | Barcode | Date last seen | Koha item type |
|---|---|---|---|---|---|---|---|---|---|---|---|---|---|
| Central Library | Central Library | First floor | 25/11/2007 | Purchase | 620.112MCC | 000007203 | 15/07/2025 | Book - Borrowing |